| 000 | 00919nam a2200277 i 4500 | ||
|---|---|---|---|
| 001 | 173559 | ||
| 003 | ES-MaACL | ||
| 005 | 20250618124651.0 | ||
| 008 | 091207s1980 sp |||| |dspa d | ||
| 020 | _a84-249-3549-7 | ||
| 080 | _a821.14-193.2"-02" | ||
| 080 | _a821.14-14"-02" | ||
| 100 | 0 |
_aCalímaco. _933673 |
|
| 245 | 1 | 0 |
_aHimnos, epigramas y fragmentos / _cCalímaco ; introducciones, traducción y notas de Luis Alberto de Cuenca y Prado y Máximo Brioso Sánchez. |
| 246 | 3 | 0 | _aEpigramas |
| 260 |
_aMadrid : _bGredos, _c[1980] |
||
| 300 |
_a318 p. ; _c20 cm. |
||
| 490 | 1 |
_aBiblioteca clásica Gredos ; _v33 |
|
| 500 | _aÍndice. | ||
| 504 | _aBibliografía: p. [25]-30. | ||
| 700 | 1 |
_aCuenca, Luis Alberto de, _d1950- _9240908 |
|
| 700 | 1 |
_aBrioso Sánchez, Máximo. _931778 |
|
| 830 | 0 |
_aBiblioteca clásica Gredos ; _v33 _9177556 |
|
| 852 |
_aES-MaACL _jC-57043 |
||
| 999 |
_c173559 _d173559 |
||